LEADER 01054nam a2200265 a 4500 001 000000142377 003 CaOOAMICUS 005 20150318120427.0 008 150318s1971 it u000 u ita r 040 $aPUL$bita 100 1 $aMonticone, Alberto,$d1931-$0(OLS)http://pul/name/2912 245 13$aLa Germania e la neutralità italiana: 1914-1915 /$cAlberto Monticone. 260 $aBologna :$bIl Mulino,$c©1971. 300 $a644 p. ;$c22 cm 490 1 $aNuova collana storica 500 $aInclude indice. 504 $aBibliografia nelle note. 630 04$aTriplice Alleanza, 1882.$0(OLS)http://pul/subject/7427 830 0$aNuova collana storica (Il Mulino).$0(OLS)http://pul/title/1224 850 $aPUL 852 $aPUL$W1$xDP1 Fondo Capitani$y116$m10 E 4.7$j164265$qFondi$B164424$CPULBib$Z2$F164424 $HCap1461 $82 941 1 $a1 996 $6245$aLa Germania e la neutralità italiana: 1914-1915$9(OLS)http://pul/title/180209 996 $6260$aBologna :$bIl Mulino$9(OLS)http://pul/publisher/47928 LEADER 01556nam a2200373 a 4500 001 000000172248 003 CaOOAMICUS 005 20190705134847.0 008 190705s2019 it u000 u ita r 020 $a978-88-28-80640-0* 032 $aLibriCat 040 $aPUL$bita 082 $a348.45 110 1 $aItalia.$0(OLS)http://pul/name/1188 245 10$aCodice dei contratti /$cdiretto da Giuseppe Conte , Fabrizio Di Marzio ; commentato e aggiornato online con Francesco Agnino ... [et al.]. 260 $aMilano :$bGiuffrè,$c2019. 300 $aLXIX, 2746 p. ; $c25 cm. 490 1 $aI codici commentati 500 $aTesto su due colonne. 500 $aEdizione integrale on-line. 650 4$aContratti.$0(OLS)http://pul/subject/3380 700 1 $aConte, Giuseppe.$0(OLS)http://pul/name/40824 700 1 $aAgnino, Francesco.$0(OLS)http://pul/name/97424 700 1 $aDi Marzio, Fabrizio,$d1965-$0(OLS)http://pul/name/69476 830 2$aI codici commentati (Giuffrè).$0(OLS)http://pul/title/192430 850 $aPUL 852 $aPUL$W1$xSL Diritto e Scienze Sociali 3$y79$m348. 45 COD 5.46$j196185$qDDC 21$B200937$CPULBib$Z2$F200937 $H133030 $82 941 1 $a9 960 $aDiritto contrattuale$93380 996 $6020$a978-88-28-80640-0*$9(OLS)http://pul/number/165981 996 $6082$a348.45$9(OLS)http://pul/classification/373 996 $6245$aCodice dei contratti$9(OLS)http://pul/title/213160 996 $6260$aMilano :$bGiuffrè$9(OLS)http://pul/publisher/48401